000 01638cam a2200241 a 4500
999 _c7617
_d7617
003 OSt
005 20200317104238.0
008 070822s2008 nyuae b 000 0 eng
020 _a9781568987187 (hardcover : alk. paper)
082 0 0 _a720.973
_222
_bKIL
245 0 0 _aDetail in process /
_cChristine Killory and René Davids, editors.
260 _aNew York :
_bPrinceton Architectural Press,
_cc2008.
300 _a208 p. :
_bcol. ill., plans (some col.) ;
_c32 cm.
440 0 _aAsBuilt
504 _aIncludes bibliographical references.
505 0 _aMorimoto New York -- Terrence Donnelly Centre for Cellular and Biomolecular Research -- BRIDGES Center -- Des Moines public library -- Picower Institute for Learning and Memory -- University of Phoenix Stadium -- Hearst Tower -- Leslie Dan Pharmacy Building -- Floating Box House -- Biodesign Institute Building B -- La Maison Unique -- de Young Museum -- Children's Museum of Pittsburgh -- Marsupial Bridge and Urban Plaza -- Desert House Prototype -- Pedestrian Bridge -- University of Cincinnati Campus Recreation Center -- Guthrie Theater -- High Museum of Art -- Meinel Optical Sciences Building -- Gary Comer Youth Center -- Toledo Museum of Art Glass Pavilion -- 7 World Trade Center -- Library for manuscripts -- House of Sweden (Swedish Embassy).
650 0 _aArchitecture
_zUnited States
_xHistory
_y21st century.
650 0 _aArchitecture
_xTechnological innovations
_zUnited States.
700 1 _aKillory, Christine,
_d1958-
700 1 _aDavids, René,
_d1949-
856 4 1 _3Table of contents only
_uhttp://www.loc.gov/catdir/toc/ecip0725/2007034955.html
942 _2ddc